[Event "ROM-ch U12 Girls"]
[Site "Calimanesti"]
[Date "2015.04.01"]
[Round "3"]
[White "Avadani, Teodora"]
[Black "Nistor, Gabriela"]
[Result "1-0"]
[WhiteElo "1474"]
[BlackElo "1342"]
[PlyCount "69"]
[EventDate "2015.03.30"]
[EventType "swiss"]
[EventRounds "9"]
[EventCountry "ROU"]
[SourceTitle "CBM 165 Extra"]
[Source "ChessBase"]
[SourceDate "2015.04.21"]
[SourceVersion "1"]
[SourceVersionDate "2015.04.21"]
[SourceQuality "1"]

1. d4 d5 2. c4 e6 3. c5 Nf6 4. f3 Nc6 5. Bf4 Be7 6. Nc3 0-0 7. a3 a6 8. e3 h6 9. Bg3 Re8 10. Bd3 Nh5 11. Bf2 Nf6 12. Nge2 e5 13. Qc2 Be6 14. Bg3 exd4 15. exd4 Qd7 16. b4 Rad8 17. 0-0 Nh5 18. Bf2 Bg5 19. h4 Be7 20. Kh2 Ra8 21. g3 b6 22. cxb6 cxb6 23. g4 Qc7+ 24. Kh3 Nf4+ 25. Nxf4 Qxf4 26. Bg3 Qf6 27. Ne2 Nxd4 28. Nxd4 Qxd4 29. h5 Bf6 30. Rab1 Rec8 31. Qe2 Re8 32. Qd2 Be5 33. f4 Bb8 34. Bh7+ Kxh7 35. Qxd4 1-0

[Event "ROM-ch U12 Girls"]
[Site "Calimanesti"]
[Date "2014.04.09"]
[Round "5"]
[White "Nistor, Gabriela"]
[Black "Paraschiv, Petronela Alexandra"]
[Result "1/2-1/2"]
[WhiteElo "1264"]
[BlackElo "1385"]
[PlyCount "53"]
[EventDate "2014.04.06"]
[EventType "swiss"]
[EventRounds "9"]
[EventCountry "ROU"]
[SourceTitle "CBM 160 Extra"]
[Source "ChessBase"]
[SourceDate "2014.07.01"]
[SourceVersion "1"]
[SourceVersionDate "2014.07.01"]
[SourceQuality "1"]

1. e4 e6 2. d4 d5 3. exd5 exd5 4. Nf3 Bd6 5. Nc3 c6 6. Bd3 Nf6 7. 0-0 0-0 8. Bg5 Nbd7 9. Re1 h6 10. Bh4 Re8 11. Qd2 b6 12. Re2 Bb7 13. Rae1 Rxe2 14. Rxe2 Qf8 15. Ne5 g5 16. Bg3 b5 17. Bf5 Nb6 18. b3 Nh5 19. Qd3 Nxg3 20. hxg3 Kg7 21. Qf3 Bxe5 22. Rxe5 Re8 23. Re3 Rxe3 24. Qxe3 f6 25. Bd3 Qf7 26. Qf3 Bc8 27. g4 1/2-1/2

[Event "ROM-ch U12 Girls"]
[Site "Calimanesti"]
[Date "2014.04.07"]
[Round "2"]
[White "Cristescu, Andreea Ioana"]
[Black "Nistor, Gabriela"]
[Result "1/2-1/2"]
[WhiteElo "1076"]
[BlackElo "1264"]
[PlyCount "66"]
[EventDate "2014.04.06"]
[EventType "swiss"]
[EventRounds "9"]
[EventCountry "ROU"]
[SourceTitle "CBM 160 Extra"]
[Source "ChessBase"]
[SourceDate "2014.07.01"]
[SourceVersion "1"]
[SourceVersionDate "2014.07.01"]
[SourceQuality "1"]

1. e4 e5 2. Nf3 Nc6 3. Bc4 Be7 4. Nc3 Nf6 5. d4 exd4 6. Nxd4 d6 7. 0-0 0-0 8. h3 Re8 9. Be3 Ne5 10. Bb3 b6 11. Bd2 Bb7 12. Re1 Nfd7 13. a3 Nc5 14. Ba2 Bf6 15. b4 Ncd7 16. Rb1 Ng6 17. Bc1 Be5 18. Bb2 Qf6 19. Nd5 Bxd5 20. Bxd5 Rac8 21. Qf3 Qxf3 22. Nxf3 Bxb2 23. Rxb2 Nf6 24. Bc6 Re7 25. Rbb1 Ne5 26. Nxe5 dxe5 27. Rbd1 Re6 28. Bb7 Rb8 29. Bd5 Nxd5 30. Rxd5 f6 31. c4 Rc6 32. Rc1 b5 33. c5 Kf8 1/2-1/2

[Event "ROM-ch U12 Girls"]
[Site "Calimanesti"]
[Date "2014.04.06"]
[Round "1"]
[White "Nistor, Gabriela"]
[Black "Bucur, Denisa Andreea"]
[Result "0-1"]
[WhiteElo "1264"]
[BlackElo "1563"]
[PlyCount "82"]
[EventDate "2014.04.06"]
[EventType "swiss"]
[EventRounds "9"]
[EventCountry "ROU"]
[SourceTitle "CBM 160 Extra"]
[Source "ChessBase"]
[SourceDate "2014.07.01"]
[SourceVersion "1"]
[SourceVersionDate "2014.07.01"]
[SourceQuality "1"]

1. e4 e5 2. Nf3 Nc6 3. Nc3 Nf6 4. Be2 d5 5. exd5 Nxd5 6. Nxd5 Qxd5 7. d3 Bg4 8. 0-0 0-0-0 9. Ng5 Bxe2 10. Qxe2 Nd4 11. Qd1 h6 12. Ne4 f5 13. Nc3 Qe6 14. Be3 Nc6 15. Re1 Qg6 16. Qf3 f4 17. Bd2 Bd6 18. Ne4 Nd4 19. Qh3+ Kb8 20. Rac1 f3 21. Ng3 fxg2 22. Qxg2 Rhf8 23. Re3 Qf7 24. Bc3 Qxa2 25. Ne4 Nf5 26. Rf3 g5 27. Qh3 Nh4 28. Rxf8 Rxf8 29. Nxd6 cxd6 30. Qd7 Qd5 31. Qh3 Qf7 32. Rf1 Kc7 33. Qg4 Qf3 34. Qxf3 Rxf3 35. Re1 Rh3 36. Re4 h5 37. Kh1 g4 38. Re3 Nf3 39. Kg2 Rxh2+ 40. Kf1 Rh1+ 41. Kg2 Rg1# 0-1

[Event "ROM-ch U10 Girls"]
[Site "Calimanesti"]
[Date "2013.04.08"]
[Round "9"]
[White "Nistor, Gabriela"]
[Black "Cristache, Ana Maria"]
[Result "0-1"]
[WhiteElo "1237"]
[BlackElo "1520"]
[PlyCount "116"]
[EventDate "2013.04.02"]
[EventType "swiss"]
[EventRounds "9"]
[EventCountry "ROU"]
[SourceTitle "CBM 153 Extra"]
[Source "ChessBase"]
[SourceDate "2013.04.22"]
[SourceVersion "1"]
[SourceVersionDate "2013.04.22"]
[SourceQuality "1"]

1. e4 d5 2. exd5 Qxd5 3. Nc3 Qd6 4. Nf3 c6 5. Be2 Bf5 6. 0-0 Nf6 7. d3 e6 8. Bg5 Nbd7 9. Re1 Be7 10. Qd2 Qc7 11. Rad1 0-0 12. d4 Rfd8 13. Bf4 Bd6 14. Bxd6 Qxd6 15. Bd3 Bxd3 16. Qxd3 a5 17. a3 Qf4 18. Ne4 Qf5 19. Nxf6+ Nxf6 20. Qxf5 exf5 21. Re5 g6 22. h3 Re8 23. Rde1 Ne4 24. Rxe8+ Rxe8 25. Nd2 Kf8 26. Nb3 b6 27. f3 Nd6 28. Rxe8+ Kxe8 29. Nd2 Ke7 30. Kf2 Ke6 31. c4 b5 32. c5 Nc4 33. Nxc4 bxc4 34. Ke3 Kd5 35. g3 a4 36. h4 f6 37. f4 h6 38. Kd2 Kxd4 39. Kc2 Kxc5 40. Kc3 h5 41. Kc2 Kd4 42. Kd2 c5 43. Kc2 c3 44. bxc3+ Ke3 45. Kb2 Kd2 46. Kb1 Kxc3 47. Kc1 Kd3 48. Kb2 c4 49. Kc1 c3 50. Kd1 c2+ 51. Ke1 c1Q+ 52. Kf2 Kc3 53. Kf3 Kd3 54. Kf2 Qe3+ 55. Kg2 Ke2 56. Kh3 Kf2 57. Kh2 Qxg3+ 58. Kh1 Qg1# 0-1

[Event "ROM-ch U10 Girls"]
[Site "Calimanesti"]
[Date "2013.04.06"]
[Round "7"]
[White "Nistor, Gabriela"]
[Black "Stan, Andreea Loredana"]
[Result "1-0"]
[WhiteElo "1237"]
[BlackElo "1345"]
[PlyCount "139"]
[EventDate "2013.04.02"]
[EventType "swiss"]
[EventRounds "9"]
[EventCountry "ROU"]
[SourceTitle "CBM 153 Extra"]
[Source "ChessBase"]
[SourceDate "2013.04.22"]
[SourceVersion "1"]
[SourceVersionDate "2013.04.22"]
[SourceQuality "1"]

1. e4 c6 2. d4 d5 3. exd5 cxd5 4. Nf3 Bg4 5. Nc3 e6 6. Be2 Nf6 7. Bg5 Nbd7 8. 0-0 a6 9. Re1 Qc7 10. Bxf6 Nxf6 11. Ne5 Bxe2 12. Qxe2 Bb4 13. Qd3 Bxc3 14. bxc3 0-0 15. Rab1 Rac8 16. Rb3 Qe7 17. Re3 Rc7 18. Rh3 Ne4 19. f3 Nf6 20. Ng4 g6 21. Ne5 Nh5 22. Qe3 Qf6 23. Qf2 Qf4 24. Nd3 Qf6 25. Rxh5 gxh5 26. Qg3+ Kh8 27. Qxc7 Qg6 28. Qg3 Qxg3 29. hxg3 Rc8 30. Nf4 Kg7 31. Nxh5+ Kg6 32. Nf4+ Kg5 33. Ne2 b5 34. a3 h5 35. Kh2 Rc4 36. Rb4 Rc8 37. a4 bxa4 38. Rxa4 Ra8 39. Nc1 Ra7 40. Na2 a5 41. Nc1 Ra8 42. Ne2 Ra7 43. Kh3 Ra8 44. f4+ Kg6 45. g4 hxg4+ 46. Kxg4 f5+ 47. Kh4 Rh8+ 48. Kg3 Ra8 49. Kf3 Ra7 50. g4 fxg4+ 51. Kxg4 Ra8 52. Ng3 Kf6 53. f5 Rg8+ 54. Kf4 Ra8 55. Nh5+ Kf7 56. Ke5 Ra6 57. fxe6+ Rxe6+ 58. Kxd5 Ra6 59. Kc5 Ke7 60. Kb5 Rh6 61. Rxa5 Rxh5+ 62. Kb4 Rh6 63. c4 Rb6+ 64. Rb5 Rc6 65. d5 Rc8 66. c5 Kd7 67. Rb7+ Rc7 68. Rxc7+ Kxc7 69. Kb5 Kd7 70. Kb6 1-0

[Event "ROM-ch U10 Girls"]
[Site "Calimanesti"]
[Date "2013.04.05"]
[Round "5"]
[White "Lupascu, Diana Elena"]
[Black "Nistor, Gabriela"]
[Result "1-0"]
[WhiteElo "1334"]
[BlackElo "1237"]
[PlyCount "95"]
[EventDate "2013.04.02"]
[EventType "swiss"]
[EventRounds "9"]
[EventCountry "ROU"]
[SourceTitle "CBM 153 Extra"]
[Source "ChessBase"]
[SourceDate "2013.04.22"]
[SourceVersion "1"]
[SourceVersionDate "2013.04.22"]
[SourceQuality "1"]

1. d4 d5 2. Nf3 Nf6 3. c4 c6 4. Nc3 Bg4 5. Ne5 Bh5 6. g3 e6 7. Bg2 Nbd7 8. Nxd7 Qxd7 9. b3 Bb4 10. Bb2 0-0 11. 0-0 Bxc3 12. Bxc3 b6 13. Qc2 Bg6 14. Qd1 Ne4 15. Bb2 c5 16. Rc1 Rfc8 17. e3 a6 18. a3 a5 19. cxd5 exd5 20. dxc5 bxc5 21. Rc4 Qe6 22. Rc1 f6 23. Qe2 Rab8 24. Qd1 Kh8 25. Bc3 Nxc3 26. Rxc3 Qe5 27. Rc1 Bf7 28. Bh3 Rc7 29. Bg2 Be6 30. Re1 Rbc8 31. Qc2 Qd6 32. Red1 d4 33. Qd2 Bxb3 34. Re1 a4 35. exd4 cxd4 36. Rxc7 Rxc7 37. Re8+ Bg8 38. Qe1 d3 39. Bd5 h6 40. Rxg8+ Kh7 41. Qe4+ f5 42. Qxf5+ Qg6 43. Rh8+ Kxh8 44. Qxg6 d2 45. Qe8+ Kh7 46. Bg8+ Kh8 47. Bf7+ Kh7 48. Bg6# 1-0

[Event "ROM-ch U10 Girls"]
[Site "Calimanesti"]
[Date "2013.04.04"]
[Round "4"]
[White "Nistor, Gabriela"]
[Black "Bigiu, Ioana Bianca"]
[Result "1-0"]
[WhiteElo "1237"]
[BlackElo "1123"]
[PlyCount "113"]
[EventDate "2013.04.02"]
[EventType "swiss"]
[EventRounds "9"]
[EventCountry "ROU"]
[SourceTitle "CBM 153 Extra"]
[Source "ChessBase"]
[SourceDate "2013.04.22"]
[SourceVersion "1"]
[SourceVersionDate "2013.04.22"]
[SourceQuality "1"]

1. e4 e5 2. Nf3 Nc6 3. Nc3 Nf6 4. Be2 Bc5 5. d3 h6 6. 0-0 d6 7. Be3 Bb6 8. Qd2 Nd4 9. Bxd4 exd4 10. Nb1 Bg4 11. h3 Bh5 12. Na3 0-0 13. Nc4 Bc5 14. Rfe1 b5 15. b4 bxc4 16. bxc5 c3 17. Qc1 dxc5 18. Rb1 Bxf3 19. Bxf3 Rb8 20. Qa3 Rxb1 21. Rxb1 Qd6 22. Qxa7 c4 23. Be2 cxd3 24. cxd3 c2 25. Rc1 Qc6 26. Qxd4 Rb8 27. Qa1 Nd7 28. a3 Qf6 29. d4 Rb1 30. Rxb1 cxb1Q+ 31. Qxb1 Qxd4 32. Bf3 Nc5 33. Qb8+ Kh7 34. Qxc7 Nxe4 35. Bxe4+ Qxe4 36. Qxf7 Qe1+ 37. Kh2 Qe5+ 38. g3 Qb2 39. a4 Qb6 40. Qf5+ g6 41. Qc2 Kh8 42. Qd2 Kh7 43. a5 Qa7 44. Kg1 g5 45. Qd3+ Kg7 46. a6 Kf7 47. Qd5+ Ke8 48. Qb7 Qxb7 49. axb7 Kd7 50. b8Q Ke6 51. Qb6+ Kf7 52. Qxh6 Kg8 53. Qxg5+ Kh7 54. f4 Kh8 55. f5 Kh7 56. f6 Kh8 57. Qg7# 1-0